Biblioteca

Teología de la liberación : (Registro nro. 38703)

Detalles MARC
000 -LÍDER
Campo fijo de descripción fija 01713aam a2200325 i 4500
001 - NÚMERO DE CONTROL
Campo de control 768714001
003 - IDENTIFICADOR DEL NÚMERO DE CONTROL
Campo de control CO-MdFUSB
005 - FECHA Y HORA DE LA ULTIMA TRANSACCIÓN
control field 20220224110140.0
007 - CAMPO FIJO DE DESCRIPCIÓN FIJA--INFORMACIÓN GENERAL
Campo fijo de descripción fija ta
008 - ELEMENTOS DE LONGITUD FIJA -- INFORMACIÓN GENERAL
Campo fijo de descripción fija -- Información general 220224t1990 |||| |||| 00| 0 spa d
020 ## - NÚMERO INTERNACIONAL NORMALIZADO PARA LIBROS
Número Internacional Normalizado del libro 9589149413
040 ## - FUENTE DE CATALOGACIÓN
Idioma de catalogación spa.
Agencia de catalogación original CO-MdFUSB
Agencia que realiza la transcripción CO-MdFUSB
Agencia que realiza la modificación CO-MdFUSBC
Convenciones de la descripción rda
041 ## - CÓDIGO DE IDIOMA
Código de idioma para texto/pista de sonido o título separado spa
Código de idioma original eng
082 04 - NÚMERO DE CLASIFICACIÓN DECIMAL DEWEY
Número de clasificación 270.92
Número de la edición del Dewey 23
Clave de autor-Numero de item H933t
100 1# - ASIENTO PRINCIPAL--NOMBRE PERSONAL
Nombre personal Hundley, Ramón Curtis (Raymond )
Término relacionador autor
240 ## - TITULO UNIFORME
Título uniforme <a href="Radical liberation theology">Radical liberation theology</a>
245 10 - TÍTULO
Título del Material Teología de la liberación :
Parte restante del título - Subtitulo una respuesta evangélica
Mención de responsabilidad, etc. / Raymond C. Hundley ; traducido por María Teresa Polanía C.
264 #1 - PRODUCCIÓN, PUBLICACIÓN, DISTRIBUCIÓN, MANUFACTURA, Y COPYRIGHT
Lugar de producción, publicación, distribución, manufactura Colombia :
Nombre del productor, publicador, distribuidor Centros de Literatura Cristiana,
Fecha de producción, publicación, distribución, manufactura, o copyright [1990]
264 #4 - PRODUCCIÓN, PUBLICACIÓN, DISTRIBUCIÓN, MANUFACTURA, Y COPYRIGHT
Fecha de producción, publicación, distribución, manufactura, o copyright © 1990
300 ## - DESCRIPCIÓN FÍSICA
Extensión 178 páginas
Dimensiones ; 21 cm
336 ## - TIPO DE CONTENIDO
Término de tipo de contenido texto
Código de tipo de contenido txt
Fuente rdacontent
337 ## - TIPO DE MEDIO
Fuente rdamedia
Nombre del tipo de medio sin mediación
Código del tipo de medio n
338 ## - TIPO DE SOPORTE
Fuente rdacarrier
Nombre del tipo de soporte volumen
Código Tipo de soporte nc
505 ## - NOTA DE CONTENIDO
Nota de contenido con formato preestablecido ¿Existen varias teologías de la liberación? --¿Cómo nació la teología de la liberación? -- ¿Cómo hacen teología los liberacionistas? -- ¿Qué en cuanto a la Biblia? -- ¿Es violenta la Teología de la liberación? -- Es marxista la Teología de la liberación? -- Qué creen los liberacionistas -- ¿Tienen razón... o están equivocados? -- El concilio mundial de iglesias y teología de la liberación. -- ¿Cuál es el pensamiento del vaticano sobre teología de la liberación? -- ¿Cuál es la posición de los evangélicos latinoamericanos frente a la teología de la liberación? -- El ministerio social de la iglesia y la teología de la liberación.
563 ## - NOTA DE ENCUADERNACIÓN
Nota de encuadernación Rústico
650 #7 - ASIENTO SECUNDARIO DE MATERIA - TERMINO TEMÁTICO
9 (RLIN) 449
Término temático o nombre geográfico como elemento de entrada Teología de la liberación
700 ## - ASIENTO SECUNDARIO - NOMBRE PERSONAL
9 (RLIN) 6302
Nombre personal Polanía C., María Teresa,
Responsabilidad traductor
942 ## - TIPO DE MATERIAL (KOHA)
Tipo de Item KOHA Libros General
945 ## - INFORMACIÓN LOCAL DEL REGISTRO
Catalogador JTF-925
Existencias
Estado de Material Estado de Perdido Forma de Clasificación Estado de Dañado No para Préstamo Colección Tomo Biblioteca de Origen Biblioteca Permanente Fecha de Adquisición Área Total de Préstamos Signatura Topográfica Código de Barras Última vez visto Última vez Préstado Ejemplar/Existencia Fecha de Remplazo Tipo de Material Total de Renovaciones
    Dewey Decimal Classification     Colección General   Biblioteca FUSBC Biblioteca FUSBC 14/01/2005 TEOLOGÍA CRISTIANA 3 G 270.92 H933t 6982 29/04/2022 25/08/2017 Ej. 1 26/01/2016 Libros General  
    Dewey Decimal Classification     Colección General   Biblioteca FUSBC Biblioteca FUSBC 14/01/2005   2 G 270.92 H933t 6985 12/12/2019 15/11/2016 Ej. 3 26/01/2016 Libros General  
    Dewey Decimal Classification     Colección General   Biblioteca FUSBC Biblioteca FUSBC 14/01/2005   4 G 270.92 H933t 6983 13/11/2021 10/08/2021 Ej. 2 26/01/2016 Libros General 3

Biblioteca FUSBC | Teléfono: (57+4) 349 88 10 Ext. 141| WhatsApp (+57) 3005338115 
E-mail: biblioteca@unisbc.edu.co | Calle 76 87-14 Robledo Palenque, Medellín, Colombia

Con tecnología Koha